Príprava a štúdium štruktúrnych a fyzikálno-chemických vlastností kobaltnatých koordinačných polymérov s dikarboxylovými kyselinami.

Saved in:
Bibliographic Details
Main Author: Brezovan, Marek (Author)
Other Authors: Segľa, Peter (Thesis advisor)
Format: Manuscript Book
Language:Slovak
Published: 2022
Subjects:
Online Access:http://is.stuba.sk/zp/portal_zp.pl?podrobnosti=152538
Tags: Add Tag
No Tags, Be the first to tag this record!

MARC

LEADER 00000ntm a22000003a 4500
001 stuzp71300
003 SK-STU
005 20220827210401.3
007 ta
008 150427s2015----xo-----f-mn---000-0-slo-d
040 |a STU  |b slo 
041 0 |a slo 
100 1 |a Brezovan, Marek  |u 042190  |4 aut  |U FCHPT Ústav anorganickej chémie, technológie a materiálov  |T FCHPT Oddelenie anorganickej chémie  |X 64952  |U C2190  |Y 112  |7 64952 
242 0 1 |a Preparation and study of structural and physico-chemical properties of cobalt(II) coordination polymers with dicarboxylic acids.  |y eng 
245 1 0 |a Príprava a štúdium štruktúrnych a fyzikálno-chemických vlastností kobaltnatých koordinačných polymérov s dikarboxylovými kyselinami. 
260 |c 2022 
650 4 |a koordinačný polymér Co(II)  |2 slo 
650 4 |a spôsob koordinácie dikarboxyláto ligandov  |2 slo 
650 4 |a kvantovo-chemické výpočty  |2 slo 
650 4 |a jednomolekulový magnet (SMM)  |2 slo 
650 4 |a singlemolecule magnet (SMM)  |2 eng 
650 4 |a coordination polymer Co(II)  |2 eng 
650 4 |a quantum-chemical calculations  |2 eng 
650 4 |a manner of coordination of dicarboxylate ligands  |2 eng 
700 1 |a Segľa, Peter  |u 042190  |k Z1  |4 ths  |U FCHPT Ústav anorganickej chémie, technológie a materiálov  |T FCHPT Oddelenie anorganickej chémie  |X 3331  |U C2190  |Y 112  |7 A000003331 
856 4 |u http://is.stuba.sk/zp/portal_zp.pl?podrobnosti=152538